00570nam a2200205 a 450000100060000000300090000600800410001501500080005602000150006403500190007904000280009808200150012610000280014124500830016925000120025226000200026430000110028450400460029565000230034126063CO-ViMGA141112s2004 ck r 000 u spa d aNNN a970076012X a(Sirsi) 137389 aCO-ViMGAbspacCO-ViMGA04a340.01 V451 aVilloro Toranzo, Miguel10aTeoria general del derecho : blo que es, su metodo / cMiguel Villoro Toranzo a7a. ed. aPorrua , c2012 a171 p. aIncluye referencias bibliográficas : 9814aTeoria del derecho